000 00352nam a2200133 a 4500
005 20140414131920.0
008 101022s19uu xx 00 eng d
050 _aER
_bM88 199?
100 _a
245 _aThe musicians of Bremen.
260 _aBridlington, England :
_bPeter Haddock,
_c199?.
440 _aFantasy land fairy tales
999 _c111701
_d111701